Statistics for Survivor: Worlds Apart Contestants (Final Placements)

Click here to take the quiz!

General Stats

  • This quiz has been taken 222 times
  • The average score is 15 of 18

Answer Stats

HintAnswer% Correct
WinnerMike Holloway
92%
Co Runner-Up (Female)Carolyn Rivera
89%
4thRodney Lavoie, Jr.
89%
6thDan Foley
88%
Co Runner-Up (Male)Will Sims II
87%
18thSo Kim
86%
10thJoe Anglim
83%
7thTyler Fredrickson
83%
17thVince Sly
83%
9thJenn Brown
82%
8thShirin Oskooi
82%
11thHali Ford
81%
5thSierra Dawn Thomas
81%
13thJoaquin Souberbielle
77%
16thNina Poersch
76%
14thMax Dawson
73%
12thKelly Remington
70%
15thLindsey Cascaddan
67%

Score Distribution

Percentile by Number Answered

Percent of People with Each Score

Your Score History

You have not taken this quiz